000 00309 a2200145 4500
001 62057
020 _a
040 _cAnchieta - Pituba
240 1 0 _aDeutsch
_ldeu / ger
245 1 0 _aDeutsch
300 _a50
362 0 _a2008
650 4 _aLínguas germânicas (teutônicas) língua alemã
942 _cBK
999 _c62057
_d62057